| 000 | 00749nas a2200241 4500 | ||
|---|---|---|---|
| 001 | BR2013002662 | ||
| 003 | BR-BrBNA | ||
| 005 | 20231205122146.0 | ||
| 007 | ta | ||
| 008 | 230509b bl.|||p| |||| 00| 00por d | ||
| 040 |
_aBR-BrBNA _bpor _cBiblioteca Nacional de Agricultura |
||
| 041 | _a(Pt) | ||
| 072 | _aM40; M11 | ||
| 100 | 1 | _aCastro, A.C.L. de | |
| 245 | 1 | _aDiversidade da assembléia de peixes em igarapés do estuário do rio Paciência (MA-Brasil) | |
| 650 | _aPESCA MARINHA | ||
| 650 | _aPEIXE MARINHO | ||
| 650 | _aESTUÁRO | ||
| 650 | _aECOLOGIA AQUÁTICA | ||
| 773 | 0 |
_tAtlântica (Brazil) _xISSN 0102-1656 _g(2001), v.23(no. único) p. 39-46 _wBR2013002662 |
|
| 909 |
_a202311 _bLúcia _c55 _dLúcia Elande |
||
| 942 |
_2AGRIS _n0 _cANA |
||
| 999 |
_c227204 _d227204 |
||